书目信息 |
| 题名: |
国民党党首的女人们
|
|
| 作者: | 李章 主编 | |
| 分册: | ||
| 出版信息: | 北京 团结出版社 2008 |
|
| 页数: | 195页 | |
| 开本: | 23cm | |
| 丛书名: | 民国系列图书 | |
| 单 册: | ||
| 中图分类: | K828.5=7 | |
| 科图分类: | ||
| 主题词: | 妇女--名人--生平事迹--中国--现代 , 妇女 , 名人 | |
| 电子资源: | ||
| ISBN: | 978-7-80214-249-7 | |
| 000 | 00959oam2 2200277 45 | |
| 001 | 1029956218 | |
| 005 | 20100429091441.46 | |
| 010 | @a978-7-80214-249-7@dCNY22.00 | |
| 100 | @a20100420d2008 em y0chiy50 ea | |
| 101 | 0 | @achi |
| 102 | @aCN@b110000 | |
| 105 | @aa z 000yd | |
| 106 | @ar | |
| 200 | 1 | @a国民党党首的女人们@AGuo Min Dang Dang Shou De Nu^ Ren Men@f李章主编@FLi Zhang Zhu Bian |
| 210 | @a北京@c团结出版社@d2008 | |
| 215 | @a195页@c照片@d23cm | |
| 225 | 2 | @a民国系列图书 |
| 330 | @a本书共分六部分,内容包括:中华民国第一夫人——宋庆龄;宋氏家庭的第二位民国第一夫人——宋美龄;国府主席夫人——陈璧君;代理民国总统夫人——郭德洁;蒋经国夫人——蒋方良;李登辉夫人——曾文惠等。 | |
| 461 | 0 | @12001 @a民国系列图书 |
| 606 | 0 | @a妇女@x名人@x生平事迹@y中国@z现代 |
| 606 | 0 | @a妇女 |
| 606 | 0 | @a名人 |
| 690 | @aK828.5=7@v4 | |
| 701 | 0 | @a李章@ALi Zhang@4主编 |
| 801 | 0 | @aCN@bTANGWEI@c20100429 |
| 905 | @b0594821-25@dK828.5=7@e38@f5 | |
| 国民党党首的女人们/李章主编.-北京:团结出版社,2008 |
| 195页:照片;23cm.-(民国系列图书) |
| ISBN 978-7-80214-249-7:CNY22.00 |
| 本书共分六部分,内容包括:中华民国第一夫人——宋庆龄;宋氏家庭的第二位民国第一夫人——宋美龄;国府主席夫人——陈璧君;代理民国总统夫人——郭德洁;蒋经国夫人——蒋方良;李登辉夫人——曾文惠等。 |
| ● |
| 相关链接 |
|
|
|
|
正题名:国民党党首的女人们
索取号:K828.5=7/38
 
预约/预借
| 序号 | 登录号 | 条形码 | 馆藏地/架位号 | 状态 | 备注 |
| 1 | 0594821 | 205948215 | 第二样本阅览室/ [索取号:K828.5=7/38] | 在馆 | |
| 2 | 0594822 | 205948224 | 第二借阅区/ [索取号:K828.5=7/38] | 在馆 | |
| 3 | 0594823 | 205948233 | 第二借阅区/ [索取号:K828.5=7/38] | 在馆 | |
| 4 | 0594824 | 205948242 | 第二借阅区/ [索取号:K828.5=7/38] | 在馆 | |
| 5 | 0594825 | 205948251 | 第二借阅区/ [索取号:K828.5=7/38] | 在馆 |